000 00442 a2200169 4500
003 Nust
005 20170207171611.0
040 _cNust
082 _a005.1
100 _aJatoi, Maj Faisal. BESE-17
245 _aFortify Me. BESE-17
_cMaj Faisal Jatoi, Maj Usama Nisar Khan, Capt Imran Aziz.
260 _aRawalpindi
_bMCS
_cJune 2015
300 _a121p.
538 _aAlmirah No 72 Shelf No 6
650 _aUG Projects
651 _aUG CS Projects
942 _cTHS
999 _c217708
_d217708